000 00917nam a2200277 a 4500
003 DO-SdBNP
005 20240529132238.0
007 ta
008 220125e2019 dr ||||er|||| 001 pdspa d
020 _a9789945220117
040 _aDO-SdBNP
_bspa
_cBNPHU
_erda
082 4 _aRD861.44
_bH557d
_222
100 1 _965483
_aHernández Leonardo, Dionicio,
_eautor
245 1 0 _aDel otro lado de la selva de cemento /
_cDionicio Hernández Leonardo
264 _aSanto Domingo :
_bBúho,
_c2019.
300 _a86 páginas ;
_c22 cm.
336 _2rdacontent
_atexto
_btxt
337 _2rdamedia
_asin mediación
_bn
338 _2rdacarrier
_avolumen
_bnc
500 _aIncluye datos biográficos del autor en la solapa de la cubierta.
590 _aInventariado 2022 / MF
650 0 _aPoesía dominicana
_978060
650 0 _aLiteratura dominicana.
_967
910 _aMFéliz. Validado, 2023 /MFF
942 _2ddc
_cLBS1
999 _c51222
_d51222